| 000 | 00565nam a2200205Ia 4500 | ||
|---|---|---|---|
| 005 | 20250923145233.0 | ||
| 008 | 008 250917s9999 xx 000 0 eng d | ||
| 037 | _aTextual | ||
| 040 |
_aDSWL _beng _cDSWL |
||
| 041 |
_aeng _2eng |
||
| 084 |
_aSobX8, N59 _qDSWL |
||
| 100 |
_aHerzberg, F. _9833217 |
||
| 245 | 4 |
_aThe Motivation to work _cby F. Herzberg |
|
| 260 |
_aNew York _b John Wiley & Sons Inc. _c1967 |
||
| 300 | _axiv,357p. | ||
| 365 |
_aUSD _b6.95 |
||
| 925 | _g6.95 | ||
| 942 |
_cTEXL _hSobX8, N59 |
||
| 999 |
_c1448818 _d1448818 |
||